00000000nam##2200000za#4500
0019.627417
003CaOODSP
00520210615105131
007ta
008150406|2006||||xxc|||||     f|0| 0 fre|d
022 |a0706-6570
040 |aCaOODSP|bfre
043 |an-cn---
0861 |aFs97-6/2680F
1101 |aCanada. |bMinistère des pêches et des océans.
24510|aÉvaluations des stocks et densités ostréicoles au Nouveau-Brunswick en 2005 / |c[par] Luc A. Comeau ... [et al.]
260 |bPêches et Océans Canada |c2006.
300 |avii, 21, [1]p. : |bill. en couleur, graphiques, cartes, références ; |c28 cm.
4901 |aRapport technique canadien des sciences halieutiques et aquatiques|x0706-6570|vN° 2680
5203 |aCe rapport fait partie d’une série de rapports contenant des renseignements scientifiques et techniques qui constituent une contribution aux connaissances scientifiques actuelles, mais qui ne sont pas normalement appropriés pour la publication dans un journal scientifique. La recherche porte sur des sujets tels que les modèles d’écosystème, les méthodes de mise en valeur de l’aquaculture, le matériel de pêche commerciale, et les menaces environnementales à la qualité des milieux aquatiques et des ressources halieutiques. Comprend des tableaux, des figures et des graphiques.
546 |a(Abstract in English.)
563 |aCouverture souple
590 |a07-08|b2007-02-23
69107|aCrustacé|2gcpds
69107|aProvinces atlantiques|2gcpds
7201 |aComeau, L. A.
7760#|tÉvaluations des stocks et densités ostréicoles au Nouveau-Brunswick en 2005 / |w(CaOODSP)9.604057
830#0|aRapport technique canadien des sciences halieutiques et aquatiques,|x0706-6570|vN° 2680|w(CaOODSP)9.513015